000
00294nam a2200121Ia 4500
008
220204s9999 xx 000 0 und d
082
_b
GRO;1
245
0
_a
Unit process in organic synthesis
250
_a
Ed.5
260
_a
New York
_b
McGraw Hill
_c
1958
700
_a
Groggins, P H
942
_c
BK
999
_c
30273
_d
30273